Quiz de capitales - Estadísticas

Estadísticas generales
  • Esta prueba ha sido intentada 41 veces
  • La puntuación promedio es 13 de 15
Estadísticas de respuestas
Pregunta Respuesta % Correcto
Cuál es la capital de Mónaco? Mónaco
100%
Cuál es la capital de Siria? Damasco
97%
Cuál es la capital de Tailandia? Bangkok
94%
Cuál es la capital de Australia Canberra
94%
Cuál es la capital de Eslovenia? Liubliana
94%
Cuál es la capital de Moldavia? Chisinau
89%
Cuál es la capital de Afganistán? Kabul
89%
Cuál es la capital de Republica Dominicana? Santo Domingo
89%
Cuál es la capital de Sudáfrica? Todas son correctas
86%
Cuál es la capital de Madagascar? Antananarivo
83%
Cuál es la capital de Irlanda del Norte? Belfast
81%
Cuál es la capital de Guyana? Georgetown
81%
Cuál es la capital de Dominica? Roseau
69%
Cuál es la capital de Burkina Faso? Uagadugú
69%
Cuál es la capital de Palaos? Ngerulmud
44%
No se encontraron pruebas coincidentes
Distribución de puntuación
Porcentaje de gente con cada puntuación
Porcentaje por número respondido
Historial de tus puntuaciones
No has intentado esta prueba.